000 00491nam a2200217Ia 4500
003 0100
008 130303s9999 xx 000 0 und d
020 _a671452703
040 _cARRUPELIB
050 _aDS145.P484 1983
100 _aPrager, Dennis
245 _aWhy the Jews?
245 _bthe reason for antisemitism
260 _aNew York
260 _bSimon and Schuster
260 _C1983
300 _a238p.
300 _b 23cm.
700 _aDennis Prager
942 0 0 _01
999 _c12411
_d12411